|
|
|
|
| LEADER |
01819cas a2200265 a 4500 |
| 001 |
AALejournalIMF008646 |
| 008 |
230101c9999 xx r poo 0 0eng d |
| 020 |
|
|
|c 5.00 USD
|
| 020 |
|
|
|z 9781451855012
|
| 022 |
|
|
|a 1018-5941
|
| 040 |
|
|
|a BD-DhAAL
|c BD-DhAAL
|
| 100 |
1 |
|
|a Hilbers, Paul.
|
| 245 |
1 |
0 |
|a Stress Testing Financial Systems :
|b What to Do When the Governor Calls /
|c Paul Hilbers, Matthew Jones, Graham Slack.
|
| 264 |
|
1 |
|a Washington, D.C. :
|b International Monetary Fund,
|c 2004.
|
| 300 |
|
|
|a 1 online resource (38 pages)
|
| 490 |
1 |
|
|a IMF Working Papers
|
| 500 |
|
|
|a <strong>Off-Campus Access:</strong> No User ID or Password Required
|
| 500 |
|
|
|a <strong>On-Campus Access:</strong> No User ID or Password Required
|
| 506 |
|
|
|a Electronic access restricted to authorized BRAC University faculty, staff and students
|
| 520 |
3 |
|
|a Stress testing is becoming a widely used tool to assess potential vulnerabilities in a financial system. This paper is intended to answer some of the basic questions that may arise as part of the process of stress testing. The paper begins with a discussion of stress testing in a financial system context, highlighting some of the differences between stress tests of systems and of individual portfolios. The paper provides an overview of the process itself, from identifying vulnerabilities, to constructing scenarios, to interpreting the results. The experience of the IMF in conducting stress testing as part of the Financial Sector Assessment Program (FSAP) is also discussed.
|
| 538 |
|
|
|a Mode of access: Internet
|
| 700 |
1 |
|
|a Jones, Matthew.
|
| 700 |
1 |
|
|a Slack, Graham.
|
| 830 |
|
0 |
|a IMF Working Papers; Working Paper ;
|v No. 2004/127
|
| 856 |
4 |
0 |
|z Full text available on IMF
|u http://elibrary.imf.org/view/journals/001/2004/127/001.2004.issue-127-en.xml
|z IMF e-Library
|